000 00492nam a2200181Ia 4500
008 230718s9999 xx 000 0 und d
020 _a9789332518742
041 _aeng
082 _a004.6
_bTAN
100 _aTanenbaum A.S.
_9106254
245 _aComputer Networks
250 _a5th ed.
260 _c2014
_bPearson
300 _a804
_dRef 103 IT (51111)
365 _cRs.
_b650.00
700 _aTanenbaum A.S. & Wetherall D.J.
906 _dO:0455204-Aug-2015B:40125-Jul-2015
_cIT
_b3510
999 _c339920
_d339920